000 00688nam a22001817a 4500
003 UA-OsUOA
001 11481
007 ta
008 20050309b un ||||| |||| 00| 0 ukr d
100 _aЄвтушенко П.
942 _cSA
040 _aUA-OsUOA
_cUA-OsUOA
_dUA-OsUOA
245 _aЖрець храму Гекати : Штрихи до портрета Говарда Філліпса Лавкрафта
300 _aС.37-38
955 _a0
773 0 _w0
_tВсесвітня література та культура в навчальних закладах України
_dКиїв
_d2005
_g№2
650 7 _aАмериканське літературознавство
_2UDC
999 _c297642
_d297642